Ferrari models by picture - Statistiques

Statistiques générales
  • Ce quiz a été pris 1 335 fois
  • Le résultat moyen est 9 sur 12
Statistiques - réponses
Par images Réponse % Correct
F40
96%
Enzo
93%
LaFerrari
91%
488 Pista
84%
458 Italia
83%
812 Superfast
81%
F12berlinetta
74%
F8 Tributo
66%
599 GTO
56%
430 modena
51%
GTC4 Lusso
46%
288 GTO
35%
Aucun quiz correspondant
Distribution des résultats
% des personnes avec chaque résultat
Percentile par nombre de réponses
Votre historique - résultats
Vous n’avez pas pris ce quiz